00257nam a22001097a 4500003000400000020002200004082001400026100002200040245004800062260002900110300000800139SGT a978-93-5090-206-6 a617bP13M aMITRA, PUSHPAL K. aTB. OF PHYSIOTHERAPY IN SURGICAL CONDITIONS aINDIA bJAYPEE PUBc2013 a259